All Albania League teams ever - Statistics

General Stats
  • This quiz has been taken 60 times
    15 since last reset
  • The average score is 21 of 43
Answer Stats
Seasons Last Team % Correct
84 2024/25 Tirana
100%
64 2024/25 Dinamo City
92%
3 1955/56 Dinamo Durrës
92%
1 1955/56 Dinamo Shkodër
92%
1 1955/56 Dinamo Vlorë
92%
66 2024/25 Elbasani
92%
23 2024/25 Laçi
92%
83 2024/25 Teuta Durrës
92%
5 2024/25 Egnatia Rrogozhinë
83%
70 2024/25 Partizani Tiranë
83%
67 2024/25 Skënderbeu Korçë
83%
83 2024/25 Vllaznia Shkodër
83%
16 2024/25 Bylis Ballsh
75%
11 2023/24 Kukësi
75%
63 2013/14 Besa Kavajë
67%
9 2011/12 Pogradeci
67%
36 2020/21 Apolonia Fier
58%
73 2019/20 Flamurtari Vlorë
58%
8 2023/24 Erzeni Shijak
50%
4 2018/19 Kamza
50%
14 2022/23 Kastrioti Krujë
50%
43 2019/20 Luftëtari Gjirokastër
50%
5 1955/56 Luftëtari Tiranë
50%
41 2017/18 Lushnja
50%
22 2007/08 Besëlidhja Lezhë
42%
44 2012/13 Tomori Berat
42%
2 2016/17 Korabi Peshkopi
33%
1 2015/16 Tërbuni Pukë
33%
5 1998/99 Burreli
25%
1 1945/46 Liria Korçë
25%
1 2009/10 Gramozi Ersekë
17%
1 1994/95 Iliria Fushë-Krujë
17%
18 2012/13 Shkumbini
17%
4 1997/98 Sopoti Librazhd
17%
6 1997/98 Albpetrol Patos
8%
16 1986/87 Naftëtari Kuçovë
8%
10 1985/86 Shkëndija Tiranë
8%
1 1953/54 Spartaku Korçë
8%
3 1957/58 Spartaku Tiranë
8%
1 1945/46 Ylli Shkodër
8%
1 1981/82 Përmeti
0%
1 1991/92 Selenica
0%
1 1970/71 Studenti
0%
No matching quizzes found
Score Distribution
Percent of People with Each Score
Percentile by Number Answered
Your Score History
You have not taken this quiz since the last reset